Disney Princesses Holding Pizza Quiz Stats

 Plays Quiz Updated Dec 15, 2017

Challenge
Share
Tweet
Score 0/12 Timer 05:00
5 Plays Today
% Correct
Snow White
99.8%
Cinderella
95.7%
Mulan
95.3%
Ariel
95.2%
Pocahontas
93.9%
Belle
92.6%
Aurora
92.1%
Jasmine
91.3%
Rapunzel
86%
Anna
84.8%
Tiana
77.3%
Merida
75.7%

You're not logged in!

Compare scores with friends on all Sporcle quizzes.
OR
Log In

You Might Also Like...

Show Comments

Extras

Top Quizzes Today


Score Distribution

Your Account Isn't Verified!

In order to create a playlist on Sporcle, you need to verify the email address you used during registration. Go to your Sporcle Settings to finish the process.

Report this User

Report this user for behavior that violates our Community Guidelines.

Details: